000 00384nam a22001577a 4500
999 _c8977
_d8977
003 OSt
008 200714b ||||| |||| 00| 0 eng d
020 _a9789241545174
100 _aWorld Health Organisation
245 _aWho Monographs on Selected Medicinal Plant
250 _a2019
260 _aNew Delhi
_bAITBS
300 _aPg-289
650 _aPharmacognosy
942 _2ddc
_cBK